000 00635nam a22001697a 4500
003 OSt
005 20260319155407.0
008 260319b |||||||| |||| 00| 0 eng d
040 _cMRSPTU
041 _aEnglish
100 _aMohita Thakur, Supervisor: Dr. Amit Bhatia
245 _aIntranasal Drug Delivery Of Donepezil Hydrochloride Loaded Poly Lactic Co-glycolic Acid Nanoparticles: A Non-invasive Approach For Brain Targeting
260 _bDepartment of Pharmacy, MRSPTU, Bathinda
_c2021
650 _aPharmaceutical Sciences and Technology
856 _uhttp://163.47.215.52:8080/jspui/handle/123456789/78
942 _2ddc
_cTH
_n0
999 _c11211
_d11211